Vida de Miguel Ángel en la vida de su tiempo / (Record no. 189131)

MARC details
000 -LEADER
campo de control de longitud fija 00979nam a2200229 i 4500
001 - NÚMERO DE CONTROL
campo de control 189131
003 - IDENTIFICADOR DE NÚMERO DE CONTROL
campo de control SpMaBN
005 - FECHA Y HORA DE LA ÚLTIMA TRANSACCIÓN
campo de control 20251015063159.0
008 - DATOS DE LONGITUD FIJA--INFORMACIÓN GENERAL
campo de control de longitud fija 190403s1956 sp f |||| |bspa d
080 ## - NÚMERO DE LA CLASIFICACIÓN DECIMAL UNIVERSAL
Número de la Clasificación Decimal Universal 929 Miguel Ángel
100 1# - ENTRADA PRINCIPAL--NOMBRE DE PERSONA
Nombre de persona Papini, Giovanni,
Fechas asociadas al nombre 1881-1956
9 (RLIN) 88874
245 10 - MENCIÓN DEL TÍTULO
Título Vida de Miguel Ángel en la vida de su tiempo /
Mención de responsabilidad, etc. Giovanni Papini ; traducción del italiano y nota preliminar por Carlos Povo Domingo ; con 33 ilustraciones.
250 ## - MENCION DE EDICION
Mención de edición 3ª ed.
260 ## - PUBLICACIÓN, DISTRIBUCIÓN, ETC.
Lugar de publicación, distribución, etc. Madrid :
Nombre del editor, distribuidor, etc. Aguilar,
Fecha de publicación, distribución, etc. 1956.
300 ## - DESCRIPCIÓN FÍSICA
Extensión 769 p., [33] p. de lám. ;
Dimensiones 20 cm.
490 1# - MENCIÓN DE SERIE
Mención de serie Colección literaria: novelistas, dramaturgos, ensayistas, poetas
600 04 - PUNTO DE ACCESO ADICIONAL DE MATERIA--NOMBRE DE PERSONA
Nombre de persona Michelangelo,
Fechas asociadas al nombre 1475-1564
9 (RLIN) 80912
700 1# - ENTRADA AGREGADA--NOMBRE PERSONAL
Nombre de persona Povo Domingo, Carlos.
9 (RLIN) 93493
830 0# - PUNTO DE ACCESO ADICIONAL DE SERIE-TÍTULO UNIFORME
Título uniforme Colección literaria: novelistas, dramaturgos, ensayistas, poetas
9 (RLIN) 183856
852 ## - LOCALIZACIÓN
Ubicación ES-MaACL
Número de control de estantería L-32293
Nota libre - Enc. cart.
-- . - Donat. herederos de la bibl. de Mª del Pilar Costa Palacín
Holdings
Estatus retirado Estado de pérdida Estado de daño No para préstamo Biblioteca de origen Biblioteca actual Ubicación en estantería Fecha de adquisición Fuente de adquisición Total de préstamos Signatura topográfica completa Código de barras Visto por última vez Precio de reemplazo Tipo de ítem Koha
        Biblioteca del Ateneo de Madrid Biblioteca del Ateneo de Madrid Depósito 2 03/04/2019     L-32293 1200309 23/02/2023 23/02/2023 Libro impreso